Retour vers le futur... ou Jurassic Park? - Statistiques

Statistiques générales
  • Ce quiz a été pris 1 412 fois
  • Le résultat moyen est 13 sur 16
Statistiques - réponses
Question Réponse % Correct

La route ? Là où on va, on n'a pas besoin de route

96%

La vie trouve toujours un chemin

93%

Tu n’arrives pas à raisonner en quatre dimensions

89%

J'ai dépensé sans compter

89%

Jamais vous n'avez eu le contrôle, c'est ça l'illusion !

87%

J'en ai marre d'avoir toujours raison...

86%

Je ne blâme pas les gens pour les erreurs qu'ils commettent, mais qu'ils en assument leurs conséquences !

84%

Oh mon Dieu, et moi qui pensais les avoir semés, ils m'ont retrouvé. Sauve-toi, les voilà !

84%

Ne fais pas attention à l'aspect rudimentaire de cette maquette, elle n'est pas à l'échelle et j'ai pas eu le temps de la peindre

83%

Mieux vaut que je me consacre à l'étude de l'autre grand mystère de l'univers.... Les femmes !

77%

Pas étonnant que ça tombe en panne y’a marqué « Made in Japan »

77%

Je crois que vous n’êtes pas encore prêts pour ce genre de choses. Par contre vos gosses vont adorer ça

75%

Il l'a fait, il y est arrivé ce vieux dégénéré !

71%

Hé bien... nous revoilà... dans la voiture !

70%

C'est entièrement gainé de plomb, il n'y a plus rien à craindre

69%

Violence et technologie ne font pas bon ménage !

51%
Aucun quiz correspondant
Distribution des résultats
% des personnes avec chaque résultat
Percentile par nombre de réponses
Votre historique - résultats
Vous n’avez pas pris ce quiz